| 000 | 00466nam a2200145 a 4500 | ||
|---|---|---|---|
| 001 | 000031730 | ||
| 005 | 20200930063134.0 | ||
| 008 | 110630s1997 dr d 000 | spa d | ||
| 040 |
_aDO-SdBNP _bspa _cBNPHU |
||
| 100 | 1 |
_aRosa, Víctor de la _956136 |
|
| 245 | 1 | 0 |
_aModificación de la ley 11-92 art. 296 : _bcódigo tributario de la Rep. Dom. / _cVíctor de la Rosa. |
| 260 |
_aSanto Domingo : _b[s.n.], _c1997. |
||
| 300 |
_a17 p. : _bdiagr. ; _c21 cm. |
||
| 049 | _aBNPD | ||
| 999 |
_c31222 _d31222 |
||